Catálogo
 En Linea

Una puntada a tiempo : (Registro nro. 47958)

Detalles MARC
000 -CABECERA
campo de control de longitud fija 00860nam a2200193 a 4500
001 - NÚMERO DE CONTROL
campo de control 000048470
005 - FECHA Y HORA DE LA ÚLTIMA TRANSACCIÓN
campo de control 20201002061158.0
008 - DATOS DE LONGITUD FIJA--INFORMACIÓN GENERAL
campo de control de longitud fija 190314s2008 dr a 000 0 spa d
040 ## - FUENTE DE LA CATALOGACIÓN
Centro catalogador/agencia de origen DO-SdBNP
Lengua de catalogación spa
Centro/agencia transcriptor BNPHU
082 ## - NÚMERO DE LA CLASIFICACIÓN DECIMAL DEWEY
Número de clasificación xxx
Número de documento/Ítem xxx
245 00 - MENCIÓN DE TÍTULO
Título Una puntada a tiempo :
Resto del título el uso inteligente de la propiedad intelectual en las empresas del sector textil /.
260 ## - PUBLICACIÓN, DISTRIBUCIÓN, ETC.
Lugar de publicación, distribución, etc. Santo Domingo, :
Nombre del editor, distribuidor, etc. ONAPI,
Fecha de publicación, distribución, etc. 2008.
300 ## - DESCRIPCIÓN FÍSICA
Extensión 84 p. :
Otras características físicas il. ;
Dimensiones 22 cm.
490 1# - MENCIÓN DE SERIE
Mención de serie Propiedad intelectual y las empresas ;
Designación de volumen o secuencia 5 ;
505 0# - NOTA DE CONTENIDO CON FORMATO
Título La propiedad intelectual en la industria de la confección --
-- Diseño industrial --
-- Patentes --
-- Marcas --
-- La protección de la propiedad industrial (P.I.) en el exterior /
590 ## - NOTA LOCAL (RLIN)
Nota local Inventariado, 2019/YL
710 1# - PUNTO DE ACCESO ADICIONAL--NOMBRE DE ENTIDAD CORPORATIVA
Nombre de entidad corporativa o nombre de jurisdicción como elemento de entrada Ofinina Nacional de la Propiedad Industrial (ONAPI)
9 (RLIN) 75875
830 #0 - PUNTO DE ACCESO ADICIONAL DE SERIE-TÍTULO UNIFORME
Título uniforme Propiedad intelectual y las empresas
Número de parte o sección de la obra 5
9 (RLIN) 75882
Existencias
Estado de retiro Estado de pérdida No para préstamo Código de colección Localización permanente Ubicación/localización actual Ubicación en estantería Fecha de adquisición Número de inventario Total de préstamos Signatura topográfica completa Código de barras Fecha visto por última vez Precio válido a partir de Tipo de ítem Koha
    Excluido de préstamo Patrimonio Dominicano Patrimonio Dominicano Patrimonio Dominicano Depósito 22.03.2019 LF1   xxx xxx 48470-10 25.06.2020 25.06.2020 Libro y Folleto Colección Patrimonio Dominicano

Con tecnología Koha